Uma história (Registo nº 32940)

Detalhes MARC
000 -Etiqueta do registo
Valores 00801nam a2200265 4500
010 ## - Número ISBN
ISBN 9789897491030
021 ## - Número do Depósito Legal
-- PT
Número 440730/18
090 ## -
-- 32940
100 ## - Dados gerais de processamento
Dados gerais 20181220d2018 c y0pory50030103ba
101 1# - Língua de publicação
-- por
102 ## - País de publicação
-- PT
200 1# - Titulo e menção de responsabilidade
Título próprio Uma história
Primeira menção de responsabilidade texto e il. Marianna Coppo
Outras menções de responsabilidade trad. Elisabete Ramos
205 ## - Menção da edição
Edição 1ª. ed.
210 ## - Publicação
Local de publicação Matosinhos
Nome do editor Kalandraka
Data de publicação 2018
215 ## - Descrição física 
Paginação / Volumes [46] p.
Outras indicações físicas il.
Dimensões 28 cm
225 2# - Colecção 
Título próprio da colecção Livros para sonhar
675 ## - CDU
Notação 087.5
Edição BN
Língua por
675 ## - CDU
Notação 821.131.1-93"20"
Edição BN
Língua por
675 ## - CDU
Notação 821.131.1-34"20"
Edição BN
Língua por
700 ## - Autor principal (pessoa individual)
Apelido Coppo
Nome Marianna
-- 070
ID Autoridade 4535
702 ## - Autor secundário (pessoa individual)
ID Autoridade 170
Apelido Ramos
Nome Elisabete
-- 730
801 #0 - Fonte de origem
País PT
Agência BN
Regras de catalogação RPC
856 41 - Localização e acesso electrónico 
URL <a href="http://rnod.bnportugal.gov.pt/ImagesBN/winlibimg.aspx?skey=&doc=2009182&img=119784&save=true">http://rnod.bnportugal.gov.pt/ImagesBN/winlibimg.aspx?skey=&doc=2009182&img=119784&save=true</a>
990 ## - Elementos KOHA
Tipo de documento Livro
Exemplares
Situação do levantamento Estado Biblioteca de origem Biblioteca de empréstimo Código de barras Cota Permissão de empréstimo Tipo de documento Nota relativa ao exemplar
  Completo Biblioteca Municipal de Viana Do Alentejo Biblioteca Municipal de Viana Do Alentejo 0032722 8 COP Disponível Livro DOS 6 AOS 10 ANOS




Powered by Koha